[Event "EOBCC 2020"]
[Site "Online"]
[Date "2020.12.18"]
[Round "6.111"]
[White "Janaszak, Dawid"]
[Black "Zabrzanska, Weronika"]
[Result "1/2-1/2"]
[WhiteElo "2348"]
[BlackElo "1849"]
[Annotator "NA"]
[PlyCount "108"]
[EventDate "2020.12.18"]
[EventType "tourn"]
[EventCountry "NET"]
[SourceTitle "playchess.com"]
[Source "ChessBase"]
[SourceQuality "1"]

1. e4 e5 2. Nf3 Nc6 3. d4 exd4 4. Nxd4 Bc5 5. Nb3 Bb4+ 6. c3 Be7 7. Bf4 d6 8. N1d2 Nf6 9. Bd3 h6 10. Qe2 d5 11. e5 Nd7 12. O-O-O Nb6 13. h4 Be6 14. h5 Qd7 15. Kb1 O-O-O 16. Nd4 Nxd4 17. cxd4 Bf5 18. Nb3 Nc4 19. Ka1 Bxd3 20. Qxd3 Kb8 21. Nd2 Qb5 22. b3 Na3 23. Qxb5 Nxb5 24. Nf3 Bb4 25. Bd2 Bc3+ 26. Bxc3 Nxc3 27. Rc1 Ne4 28. Rc2 Rc8 29. Rhc1 c6 30. Ne1 f6 31. f3 Ng3 32. Nd3 Nxh5 33. g4 Ng3 34. Rg1 Ne4 35. fxe4 dxe4 36. Nf4 fxe5 37. dxe5 Rhe8 38. Nh5 Rxe5 39. Nxg7 Rg8 40. Rh2 Rxg7 41. Rxh6 e3 42. Rh4 e2 43. Re1 Rd7 44. Rhh1 Rg7 45. Rh2 Rxg4 46. Rhxe2 Rxe2 47. Rxe2 Rg7 48. Kb2 Kc7 49. a4 b6 50. Re6 Rd7 51. Rf6 c5 52. Kc3 a6 53. a5 Rd6 54. axb6+ Rxb6 1/2-1/2

[Event "EOBCC 2020"]
[Site "Online"]
[Date "2020.12.18"]
[Round "6.112"]
[White "Starosta, Martyna"]
[Black "Lewicki, Miroslaw"]
[Result "0-1"]
[WhiteElo "2094"]
[BlackElo "2348"]
[Annotator "NA"]
[PlyCount "68"]
[EventDate "2020.12.18"]
[EventType "tourn"]
[EventCountry "NET"]
[SourceTitle "playchess.com"]
[Source "ChessBase"]
[SourceQuality "1"]

1. e4 a6 2. d4 b6 3. Nc3 Bb7 4. Be3 g6 5. Qd2 Bg7 6. h4 h5 7. f3 d6 8. Bd3 Nd7 9. Nh3 Ngf6 10. O-O-O c5 11. Kb1 Qc7 12. Rhg1 c4 13. Be2 b5 14. a3 Nb6 15. e5 Nfd5 16. exd6 Nxc3+ 17. Qxc3 Qxd6 18. Qd2 Nd5 19. c3 a5 20. Nf4 Nxe3 21. Qxe3 Bh6 22. g3 O-O 23. Qe5 Qd7 24. Ng2 b4 25. Bxc4 bxc3 26. Nf4 Kh7 27. Nd3 Bxf3 28. Nc5 Bxd1 29. Nxd7 c2+ 30. Ka2 c1=Q 31. Qxe7 Qxc4+ 32. Ka1 Qc1+ 33. Ka2 a4 34. Nf6+ Kh8 0-1

[Event "EOBCC 2020"]
[Site "Online"]
[Date "2020.12.18"]
[Round "6.113"]
[White "Godzwon, Iwo"]
[Black "Myrmus, Mateusz"]
[Result "1-0"]
[WhiteElo "2347"]
[BlackElo "1683"]
[Annotator "NA"]
[PlyCount "79"]
[EventDate "2020.12.18"]
[EventType "tourn"]
[EventCountry "NET"]
[SourceTitle "playchess.com"]
[Source "ChessBase"]
[SourceQuality "1"]

1. e4 e6 2. d4 d5 3. Nd2 Nf6 4. e5 Nfd7 5. Bd3 c5 6. c3 Nc6 7. Ne2 cxd4 8. cxd4 f6 9. exf6 Nxf6 10. O-O Bd6 11. Nf3 O-O 12. Bf4 Bxf4 13. Nxf4 Ne4 14. Qc1 Qf6 15. Nh5 Qf7 16. Ng3 Qf6 17. Bxe4 dxe4 18. Nxe4 Qg6 19. Qe3 Bd7 20. Nc5 Rf7 21. Rad1 b6 22. Nxd7 Rxd7 23. Rfe1 Rad8 24. Rd2 Qf6 25. Red1 e5 26. dxe5 Rxd2 27. Rxd2 Qe7 28. Rxd8+ Qxd8 29. h4 Qd5 30. Qf4 Qxa2 31. Qf5 Ne7 32. Qd7 Kf8 33. Qd8+ Kf7 34. Ng5+ Kg6 35. Qxe7 Qxb2 36. Qf7+ Kh6 37. Qf5 g6 38. Nf7+ Kg7 39. Qf6+ Kg8 40. Nh6# 1-0

[Event "EOBCC 2020"]
[Site "Online"]
[Date "2020.12.18"]
[Round "6.114"]
[White "Sliwicka, Alicja"]
[Black "Teterev, Vitaly"]
[Result "0-1"]
[WhiteElo "2311"]
[BlackElo "2460"]
[Annotator "TA"]
[PlyCount "64"]
[EventDate "2020.12.18"]
[EventType "tourn"]
[EventCountry "NET"]
[SourceTitle "playchess.com"]
[Source "ChessBase"]
[SourceQuality "1"]

1. e4 c5 2. Nf3 e6 3. d4 cxd4 4. Nxd4 a6 5. Bd3 Qc7 6. Nc3 Nf6 7. O-O d6 8. f4 Nbd7 9. Kh1 Be7 10. Bd2 b6 11. Qf3 Bb7 12. Rae1 O-O 13. Qh3 Rfe8 14. e5 dxe5 15. fxe5 Nxe5 16. Bf4 Bd6 17. Ndb5 axb5 18. Nxb5 Nxd3 19. Nxc7 Nxf4 20. Rxf4 Bxc7 21. Rf2 Rxa2 22. Qb3 Ra5 23. c4 Rh5 24. h3 Ne4 25. Rxe4 Bxe4 26. Rd2 Ra8 27. Kg1 h6 28. Qe3 Ra1+ 29. Kf2 Rf5+ 30. Ke2 Bxg2 31. Qd4 Bf1+ 32. Ke3 Re1+ 0-1

[Event "EOBCC 2020"]
[Site "Online"]
[Date "2020.12.18"]
[Round "6.115"]
[White "Polivanov, Anatoliy"]
[Black "Kusa, Jakub"]
[Result "0-1"]
[WhiteElo "2452"]
[BlackElo "2336"]
[Annotator "ChessBase"]
[PlyCount "78"]
[EventDate "2020.12.18"]
[EventType "tourn"]
[EventCountry "NET"]
[SourceTitle "playchess.com"]
[Source "ChessBase"]
[SourceQuality "1"]

1. e4 e5 2. Nf3 Nc6 3. Nc3 Nf6 4. Bb5 Bc5 5. O-O d6 6. d4 exd4 7. Nxd4 Bd7 8. Bxc6 bxc6 9. Bg5 O-O 10. Nf5 Bxf5 11. exf5 d5 12. Qf3 Rb8 13. b3 Be7 14. Rfe1 Re8 15. Rad1 h6 16. Bh4 Nd7 17. Bg3 Bd6 18. Bxd6 cxd6 19. Qg3 Qf6 20. Ne2 Re5 21. Qc3 c5 22. Ng3 d4 23. Qa5 Rbe8 24. Rxe5 Nxe5 25. Qxa7 h5 26. Ne4 Qxf5 27. Nxd6 Qxc2 28. Rf1 Rf8 29. Qe7 Ng6 30. Qg5 d3 31. Nf5 d2 32. Qxh5 Rd8 33. Rd1 Re8 34. Ne3 Qd3 35. g3 Rxe3 36. fxe3 Qxe3+ 37. Kg2 Ne5 38. Qh3 Qf3+ 39. Kg1 Qxd1+ 0-1

[Event "EOBCC 2020"]
[Site "Online"]
[Date "2020.12.18"]
[Round "6.116"]
[White "Hirneise, Tobias"]
[Black "Zhukova, Natalia"]
[Result "1-0"]
[WhiteElo "2452"]
[BlackElo "2336"]
[Annotator "ChessBase"]
[PlyCount "81"]
[EventDate "2020.12.18"]
[EventType "tourn"]
[EventCountry "NET"]
[SourceTitle "playchess.com"]
[Source "ChessBase"]
[SourceQuality "1"]

1. e4 e5 2. Nf3 Nc6 3. Bb5 a6 4. Ba4 Nf6 5. d3 b5 6. Bb3 Bc5 7. Nc3 h6 8. Nd5 d6 9. c3 Rb8 10. Be3 O-O 11. O-O Bg4 12. h3 Bh5 13. Nxf6+ Qxf6 14. g4 Bg6 15. Bd5 Nd8 16. g5 Qe7 17. gxh6 Bh5 18. hxg7 Kxg7 19. Kh2 Qf6 20. Rg1+ Kh8 21. Rg3 Ne6 22. Bxc5 dxc5 23. Qd2 Qf4 24. Rag1 Rb6 25. Qe3 Nd8 26. Qxc5 Rg8 27. Qe3 Rxg3 28. Rxg3 Qxe3 29. fxe3 Rf6 30. Nxe5 c6 31. Bb3 c5 32. Nd7 Rf2+ 33. Rg2 Rf3 34. Rg3 Rf2+ 35. Rg2 Rf3 36. e5 a5 37. Nf6 Bg6 38. e4 a4 39. Bd5 Rxd3 40. Rg3 Kg7 41. Rxd3 1-0

[Event "EOBCC 2020"]
[Site "Online"]
[Date "2020.12.18"]
[Round "6.117"]
[White "Leszko, Bence"]
[Black "Zarubitski, Viachaslau"]
[Result "0-1"]
[WhiteElo "2321"]
[BlackElo "2448"]
[Annotator "NA"]
[PlyCount "52"]
[EventDate "2020.12.18"]
[EventType "tourn"]
[EventCountry "NET"]
[SourceTitle "playchess.com"]
[Source "ChessBase"]
[SourceQuality "1"]

1. e4 e5 2. Nf3 Nf6 3. Nc3 Nc6 4. a3 g6 5. d4 exd4 6. Nxd4 Bg7 7. Nxc6 bxc6 8. Bg5 h6 9. Be3 d6 10. Bd3 Ng4 11. Bf4 O-O 12. Qd2 Rb8 13. O-O-O Be6 14. h3 Ne5 15. Bxh6 Nxd3+ 16. cxd3 d5 17. Bxg7 Kxg7 18. h4 d4 19. Ne2 Rb5 20. h5 g5 21. f4 Qd6 22. fxg5 Rfb8 23. h6+ Kh7 24. Qf4 Qc5+ 25. Kb1 Rxb2+ 26. Ka1 Qxa3# 0-1

[Event "EOBCC 2020"]
[Site "Online"]
[Date "2020.12.18"]
[Round "6.118"]
[White "Ongut, Tamas Gunes"]
[Black "Gretarsson, Helgi Ass"]
[Result "0-1"]
[WhiteElo "2332"]
[BlackElo "2440"]
[Annotator "NA"]
[PlyCount "94"]
[EventDate "2020.12.18"]
[EventType "tourn"]
[EventCountry "NET"]
[SourceTitle "playchess.com"]
[Source "ChessBase"]
[SourceQuality "1"]

1. e4 e5 2. Nf3 Nc6 3. Bb5 g6 4. d4 exd4 5. Bg5 Be7 6. Bxe7 Qxe7 7. Bxc6 dxc6 8. Qxd4 Nf6 9. Nc3 c5 10. Qe3 Be6 11. O-O-O b6 12. e5 Nh5 13. h3 Ng7 14. g4 h5 15. Ne4 Kf8 16. Nf6 Ne8 17. Qg5 Nxf6 18. exf6 Qe8 19. Ne5 Qa4 20. a3 Re8 21. Kb1 Qe4 22. Rhe1 Qg2 23. f4 hxg4 24. Nxg6+ fxg6 25. Qxg6 gxh3 26. Qd3 Kf7 27. Rxe6 Rxe6 28. f5 Rd6 29. Qc4+ Kf8 30. Re1 Qc6 31. Qe2 Qd7 32. Rg1 h2 33. Rg7 h1=Q+ 34. Ka2 Qd5+ 35. b3 Qd4 36. Rxd7 Rxd7 37. Qg2 Qxf6 38. Qa8+ Kf7 39. Qe4 Rh2 40. Qe6+ Qxe6 41. fxe6+ Kxe6 42. Kb2 Rdd2 43. b4 Rxc2+ 44. Kb3 c4+ 45. Ka4 Rb2 46. Kb5 c3 47. Ka6 c2 0-1

[Event "EOBCC 2020"]
[Site "Online"]
[Date "2020.12.18"]
[Round "6.119"]
[White "Borsuk, Konstantin"]
[Black "Dordzhieva, Dinara"]
[Result "1-0"]
[WhiteElo "2401"]
[BlackElo "2352"]
[Annotator "NA"]
[PlyCount "93"]
[EventDate "2020.12.18"]
[EventType "tourn"]
[EventCountry "NET"]
[SourceTitle "playchess.com"]
[Source "ChessBase"]
[SourceQuality "1"]

1. d4 Nf6 2. c4 e6 3. Nc3 Bb4 4. Qc2 O-O 5. a3 Bxc3+ 6. Qxc3 d5 7. cxd5 exd5 8. Bg5 h6 9. Bh4 g5 10. Bg3 Ne4 11. Qxc7 Qf6 12. Nf3 Bg4 13. Ne5 Bf5 14. f3 Na6 15. Qa5 Nxg3 16. hxg3 Rac8 17. Rd1 Rfd8 18. b4 Kg7 19. b5 Nb8 20. Qxa7 Nd7 21. Nxd7 Rxd7 22. Qa5 Rc2 23. Rd2 Rc1+ 24. Kf2 Re7 25. Qb4 Qe6 26. Qb3 Rec7 27. Qe3 Qf6 28. Qe5 R7c3 29. g4 Bg6 30. Qxd5 Rxa3 31. Qe5 Qxe5 32. dxe5 Raa1 33. g3 Rab1 34. e4 Bh7 35. Rd7 Rb2+ 36. Ke3 Rc3+ 37. Bd3 Rxb5 38. Kd4 Rbb3 39. Bc4 Rb4 40. Kxc3 Ra4 41. Rxf7+ Kh8 42. Rxb7 Ra3+ 43. Kd4 Rxf3 44. e6 Rxg3 45. Rxh7+ Kxh7 46. e7 Rxg4 47. e8=Q 1-0

[Event "EOBCC 2020"]
[Site "Online"]
[Date "2020.12.18"]
[Round "6.121"]
[White "Psyk, Radoslaw"]
[Black "Ivlev, Aleksey"]
[Result "0-1"]
[WhiteElo "2375"]
[BlackElo "2315"]
[Annotator "NA"]
[PlyCount "84"]
[EventDate "2020.12.18"]
[EventType "tourn"]
[EventCountry "NET"]
[SourceTitle "playchess.com"]
[Source "ChessBase"]
[SourceQuality "1"]

1. e4 c5 2. Nc3 d6 3. f4 g6 4. Nf3 Bg7 5. Bc4 Nc6 6. d3 e6 7. O-O Nge7 8. Qe1 O-O 9. f5 d5 10. Bb3 c4 11. dxc4 dxe4 12. f6 exf3 13. fxg7 Kxg7 14. Rxf3 Nf5 15. Ne4 f6 16. Bd2 Nfd4 17. Rd3 Qc7 18. Qh4 Nf5 19. Qh3 h5 20. Bc3 e5 21. Qf3 Nfd4 22. Qf2 Bf5 23. Re1 Rad8 24. c5 Nxb3 25. Rxd8 Nxd8 26. axb3 Bxe4 27. Rxe4 Ne6 28. b4 Rd8 29. Qe1 Qc6 30. Re3 Nf4 31. Qf2 Rd1+ 32. Re1 Rxe1+ 33. Bxe1 Qe4 34. b5 h4 35. Bd2 Ne2+ 36. Kf1 Nd4 37. Qe3 Qxc2 38. Qh6+ Kf7 39. Ke1 Qe4+ 40. Kd1 Qb1+ 41. Bc1 Qc2+ 42. Ke1 Qe2# 0-1

[Event "EOBCC 2020"]
[Site "Online"]
[Date "2020.12.18"]
[Round "6.122"]
[White "Purtseladze, Maka"]
[Black "Villegas, Pierre"]
[Result "0-1"]
[WhiteElo "2274"]
[BlackElo "2367"]
[Annotator "NA"]
[PlyCount "80"]
[EventDate "2020.12.18"]
[EventType "tourn"]
[EventCountry "NET"]
[SourceTitle "playchess.com"]
[Source "ChessBase"]
[SourceQuality "1"]

1. d4 Nf6 2. c4 e6 3. Nc3 Bb4 4. e3 O-O 5. Nge2 c6 6. a3 Ba5 7. b4 Bc7 8. e4 d5 9. e5 Nfd7 10. cxd5 exd5 11. Ng3 Re8 12. Bd3 a5 13. b5 Nxe5 14. dxe5 Bxe5 15. O-O Bxc3 16. Bxh7+ Kxh7 17. Qd3+ Kg8 18. Qxc3 cxb5 19. Bb2 f6 20. Qc5 Be6 21. Qxb5 Qd7 22. Qxd7 Nxd7 23. Bd4 b5 24. Rab1 Rab8 25. Rfc1 Ne5 26. Rc5 b4 27. Rxa5 Nc6 28. Ra6 Nxd4 29. axb4 Nb5 30. h4 d4 31. h5 d3 32. Rd1 Rbd8 33. Nf1 Nc3 34. Rd2 Ne4 35. b5 Nxd2 36. Nxd2 Bc8 37. Ra7 Re1+ 38. Kh2 Re2 39. Nf3 d2 40. h6 gxh6 0-1

[Event "EOBCC 2020"]
[Site "Online"]
[Date "2020.12.18"]
[Round "6.123"]
[White "Lenaerts, Lennert"]
[Black "Ozenir, Ekin Baris"]
[Result "1-0"]
[WhiteElo "2357"]
[BlackElo "2309"]
[Annotator "ChessBase"]
[PlyCount "125"]
[EventDate "2020.12.18"]
[EventType "tourn"]
[EventCountry "NET"]
[SourceTitle "playchess.com"]
[Source "ChessBase"]
[SourceQuality "1"]

1. d4 Nf6 2. c4 e6 3. Nc3 Bb4 4. g3 O-O 5. Bg2 d5 6. Nf3 c6 7. O-O Nbd7 8. Qb3 Be7 9. Rd1 b6 10. Nd2 Bb7 11. e4 c5 12. dxc5 Nxc5 13. Qc2 d4 14. Nf3 d3 15. Qd2 Ncxe4 16. Nxe4 Bxe4 17. Qc3 Bc5 18. Bg5 h6 19. Bxf6 Qxf6 20. Qxf6 gxf6 21. Ne1 Bxg2 22. Kxg2 Bd4 23. Nxd3 Rad8 24. Rac1 Rd6 25. b3 Rfd8 26. Kf3 f5 27. Ke2 a5 28. a3 e5 29. b4 e4 30. Nf4 Bb2 31. Rxd6 Rxd6 32. Rb1 Bxa3 33. bxa5 bxa5 34. Rb5 Bb4 35. Nd5 Kg7 36. Nxb4 axb4 37. Rxb4 Rc6 38. Ke3 Kg6 39. h4 Rd6 40. Rb3 Rc6 41. Rc3 Kh5 42. Kf4 Rc5 43. Rc2 Kg6 44. Ke3 Kh5 45. Kd4 Rc8 46. c5 Kg4 47. c6 f4 48. gxf4 Kxf4 49. c7 f5 50. Kd5 Kf3 51. Ke5 f4 52. Kd6 e3 53. fxe3 fxe3 54. Kd7 Rxc7+ 55. Kxc7 e2 56. Rc1 Kf2 57. Kd6 e1=Q 58. Rxe1 Kxe1 59. Ke5 Kf2 60. Kf5 Kg3 61. h5 Kf3 62. Kg6 Kf4 63. Kxh6 1-0

[Event "EOBCC 2020"]
[Site "Online"]
[Date "2020.12.18"]
[Round "6.124"]
[White "Muller, Anthony"]
[Black "Czernek, Tymon"]
[Result "1-0"]
[WhiteElo "2269"]
[BlackElo "2359"]
[Annotator "NA"]
[PlyCount "139"]
[EventDate "2020.12.18"]
[EventType "tourn"]
[EventCountry "NET"]
[SourceTitle "playchess.com"]
[Source "ChessBase"]
[SourceQuality "1"]

1. d4 Nf6 2. c4 g6 3. Nc3 Bg7 4. e4 d6 5. Nf3 O-O 6. Be2 e5 7. O-O a5 8. d5 Na6 9. Qc2 h6 10. a3 Nd7 11. Rb1 f5 12. b4 axb4 13. axb4 f4 14. Ne1 g5 15. Nd3 Nf6 16. f3 h5 17. Bd2 g4 18. Ra1 Rb8 19. c5 dxc5 20. bxc5 Qe7 21. Nb5 Nd7 22. Rfc1 c6 23. d6 Qh4 24. Na7 gxf3 25. Bxf3 Nf6 26. Nxc8 Rbxc8 27. Be1 Qg5 28. Rcb1 Rb8 29. Rb3 Ng4 30. Rab1 Ne3 31. Qa2 h4 32. Rxb7+ Kh7 33. Rxb8 Nxb8 34. h3 Bf6 35. Rb7+ Kh6 36. Rc7 Bd8 37. Rb7 Bf6 38. Qb2 Na6 39. Nf2 Rg8 40. Ng4+ Nxg4 41. Bxg4 Nxc5 42. Ra7 Nxe4 43. Qc2 Qg6 44. d7 Ng3 45. Qxg6+ Kxg6 46. Ba5 Rb8 47. Kf2 Rb2+ 48. Ke1 e4 49. d8=Q Bxd8 50. Bxd8 e3 51. Bxh4 Rb1+ 52. Bd1 e2 53. Rd7 exd1=Q+ 54. Rxd1 Rxd1+ 55. Kxd1 Nf5 56. Bf2 Kf6 57. Ke2 Ke5 58. Kf3 Ng7 59. Kg4 Ne6 60. h4 c5 61. h5 c4 62. Be1 Ke4 63. h6 Nf8 64. Kg5 Ke3 65. Kf6 Ke2 66. Bb4 Nh7+ 67. Kg6 c3 68. Bxc3 Nf8+ 69. Kf5 Kf2 70. Bb4 1-0

[Event "EOBCC 2020"]
[Site "Online"]
[Date "2020.12.18"]
[Round "6.126"]
[White "Lukasiewicz, Krzysztof"]
[Black "Sowinski, Pawel"]
[Result "0-1"]
[WhiteElo "2359"]
[BlackElo "1767"]
[Annotator "NA"]
[PlyCount "96"]
[EventDate "2020.12.18"]
[EventType "tourn"]
[EventCountry "NET"]
[SourceTitle "playchess.com"]
[Source "ChessBase"]
[SourceQuality "1"]

1. d4 Nf6 2. Bf4 d5 3. e3 Bf5 4. c4 e6 5. Nc3 Bd6 6. Qb3 Bxf4 7. Qxb7 Nbd7 8. exf4 dxc4 9. Bxc4 Rb8 10. Qxa7 Rxb2 11. Nf3 Rc2 12. Qa3 Qe7 13. Qb3 O-O 14. O-O Rb8 15. Bb5 c6 16. Ne1 Rd2 17. Nf3 Rd3 18. Ne5 Nxe5 19. fxe5 Ne8 20. Bxd3 Rxb3 21. axb3 Bxd3 22. Rfd1 Bg6 23. Rdc1 h6 24. Na4 Qd7 25. Rc4 Bd3 26. Nc5 Qd8 27. Nxd3 Nc7 28. Nc5 Nb5 29. h3 Qd5 30. Rd1 Kh7 31. f3 Qd8 32. Kf2 Qa5 33. Ke2 Qa2+ 34. Rd2 Qa5 35. Ra4 Nc3+ 36. Kd3 Nxa4 37. bxa4 Qb4 38. Rc2 Qa5 39. Rc3 f6 40. Rb3 fxe5 41. Nxe6 Qa6+ 42. Ke3 exd4+ 43. Nxd4 c5 44. Nb5 Qxa4 45. Rb1 c4 46. Nc3 Qc2 47. Kd4 Qd3+ 48. Kc5 Qxc3 0-1

[Event "EOBCC 2020"]
[Site "Online"]
[Date "2020.12.18"]
[Round "6.127"]
[White "Zovko, Mario"]
[Black "Lazov, Toni"]
[Result "1-0"]
[WhiteElo "2312"]
[BlackElo "2405"]
[Annotator "NA"]
[PlyCount "127"]
[EventDate "2020.12.18"]
[EventType "tourn"]
[EventCountry "NET"]
[SourceTitle "playchess.com"]
[Source "ChessBase"]
[SourceQuality "1"]

1. e4 c5 2. Nc3 e6 3. Nge2 d6 4. g3 g6 5. Bg2 Bg7 6. d3 Nc6 7. Be3 Nd4 8. Qd2 Rb8 9. O-O b5 10. Rae1 h5 11. h3 Ne7 12. Nd1 b4 13. c3 bxc3 14. bxc3 Ndc6 15. Kh2 Qa5 16. f4 f5 17. exf5 gxf5 18. d4 c4 19. Ng1 h4 20. g4 Bb7 21. Nf3 Nd8 22. Ng5 Kd7 23. Bg1 Bxg2 24. Qxg2 Qd5 25. Qf2 Bf6 26. Ne3 Qb5 27. Qe2 fxg4 28. hxg4 Bxg5 29. fxg5 Qxg5 30. Nxc4 Rg8 31. Kh3 Nd5 32. Be3 Nxe3 33. Nxe3 Qb5 34. Qxb5+ Rxb5 35. Rf2 Ra5 36. c4 Ra3 37. Kxh4 Nc6 38. Rd2 Ne7 39. d5 e5 40. Rf2 Ng6+ 41. Kg3 Nf4 42. Rf3 Rc3 43. Ng2 Rxf3+ 44. Kxf3 Nxg2 45. Rb1 Nh4+ 46. Kg3 Nf5+ 47. Kh3 Rh8+ 48. Kg2 Ne3+ 49. Kf3 Nxc4 50. Rb7+ Kc8 51. Rxa7 Rf8+ 52. Kg3 Nb6 53. a4 Kb8 54. Rg7 Nxd5 55. a5 Nc7 56. g5 d5 57. Rd7 d4 58. g6 Kc8 59. Rh7 d3 60. g7 Rd8 61. Rh8 d2 62. Rxd8+ Kxd8 63. g8=Q+ Ke7 64. Qb3 1-0

[Event "EOBCC 2020"]
[Site "Online"]
[Date "2020.12.18"]
[Round "6.128"]
[White "Mamedjarova, Turkan"]
[Black "Haring, Filip"]
[Result "0-1"]
[WhiteElo "2309"]
[BlackElo "2376"]
[Annotator "NA"]
[PlyCount "80"]
[EventDate "2020.12.18"]
[EventType "tourn"]
[EventCountry "NET"]
[SourceTitle "playchess.com"]
[Source "ChessBase"]
[SourceQuality "1"]

1. d4 Nf6 2. Nf3 e6 3. c4 Bb4+ 4. Bd2 c5 5. dxc5 Bxc5 6. e3 Nc6 7. a3 O-O 8. Bd3 d5 9. Qc2 d4 10. exd4 Nxd4 11. Nxd4 Qxd4 12. Bc3 Qf4 13. Bxf6 Qxf6 14. Bxh7+ Kh8 15. Be4 Bd4 16. Nc3 Bd7 17. Rd1 Rac8 18. O-O e5 19. Nd5 Qh4 20. Bf5 Bxf5 21. Qxf5 g6 22. Qd3 Bxb2 23. Rb1 Bd4 24. Rxb7 Kg7 25. g3 Qg5 26. Qf3 Rb8 27. Rd7 Rbd8 28. Rb7 Rb8 29. Rfb1 Rbc8 30. Rd7 Rxc4 31. Rbb7 Qf5 32. Qe2 Rc2 33. Ne3 Rxe2 34. Nxf5+ gxf5 35. a4 Bxf2+ 36. Kf1 Ra2 37. Rb5 Bd4 38. a5 Rc8 39. Rb1 Rcc2 40. Ke1 Rxh2 0-1

[Event "EOBCC 2020"]
[Site "Online"]
[Date "2020.12.18"]
[Round "6.129"]
[White "Rudzinska, Michalina"]
[Black "Maly, Alexey"]
[Result "1-0"]
[WhiteElo "2189"]
[BlackElo "2371"]
[Annotator "NA"]
[PlyCount "133"]
[EventDate "2020.12.18"]
[EventType "tourn"]
[EventCountry "NET"]
[SourceTitle "playchess.com"]
[Source "ChessBase"]
[SourceQuality "1"]

1. e4 c6 2. d4 d5 3. Nc3 dxe4 4. Nxe4 Bf5 5. Ng3 Bg6 6. Bc4 e6 7. N1e2 Nf6 8. Nf4 Nd5 9. O-O Nxf4 10. Bxf4 Nd7 11. Re1 Be7 12. c3 Nf6 13. Be5 O-O 14. h4 h6 15. h5 Bh7 16. Qe2 b5 17. Bb3 Nd5 18. Qg4 Bf6 19. Ne4 Bxe4 20. Qxe4 Bxe5 21. dxe5 Qg5 22. Bc2 Rfd8 23. Rad1 Kf8 24. Rd3 Qxh5 25. Rh3 Qg5 26. Rg3 Qf5 27. Qe2 Qf4 28. Rg4 Nxc3 29. Rxf4 Nxe2+ 30. Rxe2 Ke7 31. Be4 Rd1+ 32. Kh2 Rc8 33. Rc2 c5 34. Bf3 Rd7 35. Rg4 Kf8 36. Re4 Ke7 37. Ree2 c4 38. Red2 Rxd2 39. Rxd2 Rc5 40. Kg3 Rxe5 41. Bc6 Kf6 42. f4 Rc5 43. Bf3 g5 44. fxg5+ hxg5 45. Rd7 b4 46. Bh5 c3 47. bxc3 Rxc3+ 48. Kh2 Rc2 49. Rxf7+ Ke5 50. Rxa7 Kd4 51. Kg3 e5 52. Rd7+ Ke3 53. Ra7 e4 54. Bg6 Rc6 55. Bf5 Rc5 56. Bh7 Rc2 57. Re7 Rc4 58. Kg4 Rd4 59. Kxg5 Kd3 60. g4 Rd5+ 61. Kf4 Rd8 62. Rxe4 Kc3 63. g5 Rf8+ 64. Bf5 Kb2 65. Re2+ Ka3 66. g6 Re8 67. Rxe8 1-0

[Event "EOBCC 2020"]
[Site "Online"]
[Date "2020.12.18"]
[Round "6.130"]
[White "Wikar, Martyna"]
[Black "Spitzl, Vinzent"]
[Result "0-1"]
[WhiteElo "2171"]
[BlackElo "2346"]
[Annotator "ChessBase"]
[PlyCount "204"]
[EventDate "2020.12.18"]
[EventType "tourn"]
[EventCountry "NET"]
[SourceTitle "playchess.com"]
[Source "ChessBase"]
[SourceQuality "1"]

1. Nf3 d5 2. g3 Nf6 3. Bg2 g6 4. O-O Bg7 5. d3 O-O 6. Re1 Nc6 7. Nbd2 e5 8. e4 Bg4 9. c3 dxe4 10. dxe4 Qe7 11. Qc2 Rfd8 12. h3 Bxf3 13. Bxf3 Nd7 14. Nb3 Nb6 15. Be3 Nc4 16. Bc5 Qe8 17. Be2 Nd6 18. Rad1 h5 19. Bf1 Qe6 20. Be3 b6 21. Nd2 Qxa2 22. Ra1 Qe6 23. Qa4 Na5 24. b4 Nac4 25. Nxc4 Nxc4 26. Qb3 Nxe3 27. Qxe6 fxe6 28. Rxe3 Bh6 29. Rf3 a5 30. Bc4 Rd6 31. Rf6 Kg7 32. Rxe6 Rxe6 33. Bxe6 a4 34. Bd5 Ra7 35. b5 Bd2 36. Ra3 Bc1 37. Ra2 a3 38. Kf1 Bb2 39. Ke2 Bxc3 40. Kd3 Bb2 41. f4 Kf6 42. Bc6 Ra4 43. Ke3 Rc4 44. Bd5 Rc3+ 45. Kf2 g5 46. f5 g4 47. hxg4 hxg4 48. Kg2 Rc2+ 49. Kf1 Rc3 50. Kg2 Rf3 51. Bc4 Re3 52. Bd5 Ke7 53. Kf2 Rf3+ 54. Kg2 Kd6 55. Be6 Kc5 56. Bd7 Kd4 57. Bc6 Ke3 58. Bd5 Rf2+ 59. Kg1 Kf3 60. f6 Kxg3 61. f7 Rf4 62. Be6 Bd4+ 63. Rf2 Bxf2+ 64. Kf1 Bd4+ 65. Ke2 Rf2+ 66. Kd3 Kf4 67. f8=Q+ Kg3 68. Qg7 a2 69. Qxg4+ Kh2 70. Qh3+ Kg1 71. Qg3+ Rg2 72. Qe1+ Kh2 73. Bxa2 Rxa2 74. Qh4+ Kg2 75. Qg4+ Kf1 76. Qh3+ Rg2 77. Kc4 Kf2 78. Qf5+ Ke3 79. Kd5 Rf2 80. Qg5+ Rf4 81. Qg3+ Rf3 82. Qg1+ Ke2 83. Qg7 Rc3 84. Qg2+ Kd1 85. Qf1+ Kc2 86. Qe2+ Kb3 87. Qd1+ Kb4 88. Qb1+ Rb3 89. Qc2 Rc3 90. Qb2+ Rb3 91. Qc2 Ka3 92. Qc1+ Bb2 93. Qxc7 Rxb5+ 94. Ke6 Rb4 95. Qa7+ Kb3 96. Kd5 Bd4 97. Qc7 Ka3 98. Ke6 b5 99. Qa7+ Ra4 100. Qb7 b4 101. Kd5 b3 102. Qe7+ Rb4 0-1

[Event "EOBCC 2020"]
[Site "Online"]
[Date "2020.12.18"]
[Round "6.131"]
[White "Hertlein, Irena"]
[Black "Grafl, Florian"]
[Result "0-1"]
[WhiteElo "1893"]
[BlackElo "2343"]
[Annotator "NA"]
[PlyCount "50"]
[EventDate "2020.12.18"]
[EventType "tourn"]
[EventCountry "NET"]
[SourceTitle "playchess.com"]
[Source "ChessBase"]
[SourceQuality "1"]

1. d4 Nc6 2. d5 Ne5 3. f4 Ng6 4. e4 e6 5. c4 Nf6 6. Nc3 exd5 7. cxd5 Bb4 8. Bd3 O-O 9. Nge2 d6 10. O-O Ng4 11. h3 Bc5+ 12. Kh1 Nf2+ 13. Rxf2 Bxf2 14. Qf1 Qh4 15. Bd2 f5 16. exf5 Bxf5 17. Bxf5 Rxf5 18. Be1 Bxe1 19. Rxe1 Nxf4 20. Nxf4 Rxf4 21. Qe2 Raf8 22. Qe6+ Kh8 23. Kh2 Rf2 24. Re2 Qf4+ 25. Kg1 Rf1# 0-1

[Event "EOBCC 2020"]
[Site "Online"]
[Date "2020.12.18"]
[Round "6.132"]
[White "Klim, Filip"]
[Black "Stukan, Martin"]
[Result "0-1"]
[WhiteElo "1897"]
[BlackElo "2342"]
[Annotator "NA"]
[PlyCount "84"]
[EventDate "2020.12.18"]
[EventType "tourn"]
[EventCountry "NET"]
[SourceTitle "playchess.com"]
[Source "ChessBase"]
[SourceQuality "1"]

1. e4 c6 2. d4 d5 3. Nc3 dxe4 4. Nxe4 Nf6 5. Nxf6+ exf6 6. c3 Bd6 7. Bd3 O-O 8. Ne2 Qc7 9. h3 Re8 10. O-O Nd7 11. Qc2 Nf8 12. Be3 Ng6 13. Rae1 Bd7 14. Qd2 a5 15. a4 Re7 16. Bc2 Rae8 17. Nc1 f5 18. Qd1 Be6 19. Bb3 Bxb3 20. Nxb3 Qb6 21. d5 c5 22. Bd2 Bc7 23. c4 Qd6 24. g3 f4 25. Rxe7 Rxe7 26. Qf3 fxg3 27. fxg3 b6 28. Kg2 Ne5 29. Qf4 Nd3 30. Qxd6 Bxd6 31. Bc3 Re2+ 32. Kf3 Rh2 33. h4 Kf8 34. Nd2 f5 35. b3 g6 36. Nb1 Rh3 37. Rg1 Rh2 38. Rg2 Rh1 39. Nd2 Ne1+ 40. Kf2 Nxg2 41. Kxg2 Rc1 42. Bb2 Rc2 0-1

[Event "EOBCC 2020"]
[Site "Online"]
[Date "2020.12.18"]
[Round "6.133"]
[White "Mazi, Leon"]
[Black "Radeva, Viktoria"]
[Result "1-0"]
[WhiteElo "2340"]
[BlackElo "2274"]
[Annotator "NA"]
[PlyCount "78"]
[EventDate "2020.12.18"]
[EventType "tourn"]
[EventCountry "NET"]
[SourceTitle "playchess.com"]
[Source "ChessBase"]
[SourceQuality "1"]

1. e4 c5 2. Nf3 e6 3. d4 cxd4 4. Nxd4 a6 5. Nc3 Qc7 6. g3 Nf6 7. Bg2 Nc6 8. O-O Be7 9. h3 O-O 10. Be3 Ne5 11. a4 b6 12. Qe2 Bb7 13. Rad1 d6 14. g4 Rfd8 15. g5 Nfd7 16. f4 Nc4 17. Bc1 Rac8 18. h4 Nf8 19. h5 Qc5 20. Kh1 g6 21. Rf3 e5 22. Nb3 Qc7 23. f5 d5 24. Nxd5 Bxd5 25. exd5 e4 26. Qxe4 Re8 27. Qh4 Ne5 28. Rh3 Qxc2 29. Rf1 Rc4 30. Nd4 Bc5 31. Nxc2 Rxh4 32. Rxh4 Nd3 33. b4 Bd6 34. Rd4 Nxc1 35. Rxc1 gxf5 36. Re1 Rc8 37. Ne3 f4 38. Nf5 Bb8 39. Ne7+ Kh8 1-0